Statistics for Portuguese Soccer Club

Click here to take the quiz!

General Stats

  • This quiz has been taken 119 times
  • The average score is 10 of 16

Answer Stats

Answer% Correct
Benfica
100%
Porto
100%
Sporting
97%
Braga
89%
Marítimo
63%
Vitória de Setúbal
63%
Vitória de Guimarães
61%
Belenenses
60%
Nacional
55%
Rio Ave
53%
Académica
45%
Estoril
43%
Paços de Ferreira
42%
Arouca
39%
Olhanense
36%
Gil Vincente
35%

Score Distribution

Percentile by Number Answered

Percent of People with Each Score

Your Score History

You have not taken this quiz